000 00606nam a2200253Ia 4500
005 20260320200846.0
008 008 262003s9999 xx 000 0 eng d
020 _a9781608077120
037 _aEBOOK
040 _aCRL
040 _beng
040 _cCRL
041 _2eng
041 _aeng
084 _qCRL
100 _aBahl
_91133612
245 0 _aControl Components Using Si, GaAs, and GaN Technologies
260 _bIEEE
260 _c2014
856 _uhttps://ieeexplore.ieee.org/servlet/opac?bknumber=9100212
942 _cEBOOK
999 _c1717330
_d1717330